000 00574nam a22002297a 4500
001 49658
003 UA-OsUOA
005 20220409192547.0
007 ta
008 20071010b un ||||| |||| 00| 0 ukr d
040 _aUA-OsUOA
_bukr
_cUA-OsUOA
_dUA-OsUOA
041 _aukr
080 _a821.161.2
090 _a821.161.2
_bН73
100 _aНовиченко Л.
245 _aВибрані праці
260 _aК.
_c1985
300 _a565 с.
650 7 _a82 Література. Літературознавство
_2UDC
942 _cBK
_2udc
955 _a3
999 _c335777
_d335777